Sociología y subdesarrollo / (Registro nro. 11712)
[ vista simple ]
| 000 -LEADER | |
|---|---|
| fixed length control field | 01217nam a2200253Ia 4500 |
| 003 - CONTROL NUMBER IDENTIFIER | |
| control field | OSt |
| 005 - DATE AND TIME OF LATEST TRANSACTION | |
| control field | 20210519181538.0 |
| 008 - FIXED-LENGTH DATA ELEMENTS--GENERAL INFORMATION | |
| fixed length control field | 210310s1979 mx gr 000 0 spa d |
| 040 ## - CATALOGING SOURCE | |
| Original cataloging agency | CO-JMCR |
| Transcribing agency | CO-JMCR |
| 041 0# - LANGUAGE CODE | |
| Language code of text/sound track or separate title | spa |
| 082 04 - DEWEY DECIMAL CLASSIFICATION NUMBER | |
| Classification number | 330.98 / |
| Item number | S718s |
| Edition number | 23 |
| 100 1# - MAIN ENTRY--PERSONAL NAME | |
| Personal name | Stavenhagen, Rodolfo, |
| Relator term | autor |
| 9 (RLIN) | 26258 |
| 245 10 - TITLE STATEMENT | |
| Title | Sociología y subdesarrollo / |
| Statement of responsibility, etc. | Rodolfo Stavenhagen |
| 250 ## - EDITION STATEMENT | |
| Edition statement | Octava edición |
| 260 ## - PUBLICATION, DISTRIBUTION, ETC. | |
| Place of publication, distribution, etc. | México : |
| Name of publisher, distributor, etc. | Nuestro tiempo, |
| Date of publication, distribution, etc. | 1979. |
| 300 ## - PHYSICAL DESCRIPTION | |
| Extent | 236 páginas ; |
| Dimensions | 17 cm. |
| 490 0# - SERIES STATEMENT | |
| Series statement | La cultura al pueblo |
| 500 ## - GENERAL NOTE | |
| General note | #N/A |
| 504 ## - BIBLIOGRAPHY, ETC. NOTE | |
| Bibliography, etc. note | Bibliografía : páginas 235-236. |
| 505 ## - FORMATTED CONTENTS NOTE | |
| Formatted contents note | Siete tesis equivocadas sobre América Latina. -- El futuro de América Latina: entre el subdesarrollo y la revolución. -- Marginalidad, participación y estructura agraria en América Latina. -- La comunidad Rural en los países subdesarrollados. -- Marginalidad y participación en la reforma agraria mexicana. -- Un modelo para el estudio de las organizaciones políticas en México. -- Estructura social y subdesarrollo. -- ¿Cómo descolonizar las ciencias sociales? |
| 650 14 - SUBJECT ADDED ENTRY--TOPICAL TERM | |
| Topical term or geographic name entry element | Subdesarrollo |
| Geographic subdivision | América Latina |
| 9 (RLIN) | 26260 |
| 650 14 - SUBJECT ADDED ENTRY--TOPICAL TERM | |
| Topical term or geographic name entry element | Marginalidad social |
| Geographic subdivision | México |
| 9 (RLIN) | 37697 |
| 942 ## - ADDED ENTRY ELEMENTS (KOHA) | |
| Source of classification or shelving scheme | Dewey Decimal Classification |
| Koha item type | Books |
| Withdrawn status | Lost status | Source of classification or shelving scheme | Damaged status | Not for loan | Home library | Current library | Shelving location | Date acquired | Source of acquisition | Full call number | Barcode | Date last seen | Copy number | Price effective from | Koha item type |
|---|---|---|---|---|---|---|---|---|---|---|---|---|---|---|---|
| Dewey Decimal Classification | Biblioteca Pública José María del Castillo y Rada | Biblioteca Pública José María del Castillo y Rada | General Stacks | 04/15/2018 | Donación | 330.98 / S718s | 201811705 | 05/16/2024 | Ej.1 | 03/10/2021 | Books |